Paesi nominati nella pagina Wikipedia dell'Egitto - Statistics

Statistiche generali
  • Questo quiz è stato fatto 33 volte
  • Il punteggio medio è 9 su 12
Statistiche sulle risposte
Volte in cui è stato nominato Indizio (basato sul motivo per cui lo stato viene nominato nella pagina Wikipedia) Paese % Corretto
10 Paese confinante Israele
100%
2 Paese confinante Libia
95%
4 Paese confinante Sudan
95%
1 L'Egitto si qualificò per i mondiali di calcio nel 1934 e nel 1990, entrambe edizioni tenutesi in questo paese Italia
86%
9 Paese che estese il suo protettorato sull'Egitto Regno Unito
86%
4 Paese che invase l'Egitto nel 1798 Francia
81%
1 L'Egitto non si oppose all'invasione americana di questo paese arabo Iraq
81%
2 Paese che intervenne diplomaticamente per risolvere la crisi di Suez nel 1956 Stati Uniti
81%
2 Paese che fino al 1961 costituì assieme all'Egitto la Repubblica Araba Unita Siria
76%
1 Paese con cui l'Egitto ha una cooperazione tecnico-militare Russia
71%
1 Paese conquistato dalla dinastia Ayyubbide nel Medioevo Yemen
57%
1 Nel 2009, l'Egitto approntò assieme a questo paese una squadra per la scalata dell'Everest Sudafrica
29%
Nessun quiz corrispondente trovato
Distribuzione punteggi
Percentuale di utenti per punteggio
Percentile per numero di risposta
I tuoi punteggi nel tempo
Non hai fatto questo quiz